Name The Game - Statistics

General Stats
  • This quiz has been taken 11 times
  • The average score is 10 of 12
Answer Stats
Picture Answer % Correct
Angry Birds
100%
Candy Crush
100%
Minecraft
100%
Pokemon Go!
100%
Roblox
91%
Temple Run
91%
Subway Surfers
82%
Blockblast
73%
Brawl Stars
73%
Cut the Rope
64%
Geometry Dash
55%
Royal Kingdom
36%
No matching quizzes found
Score Distribution
Percent of People with Each Score
Percentile by Number Answered
Your Score History
You have not taken this quiz